Forma de Países Unidos #2 - Estadísticas

Estadísticas generales
  • Esta prueba ha sido intentada 4.586 veces
  • La puntuación promedio es 25 de 32
Estadísticas de respuestas
País % Correcto
Francia
99%
Italia
99%
Argentina
93%
Grecia
93%
Turquía
93%
Uruguay
91%
Argelia
90%
China
90%
Marruecos
90%
Albania
87%
Mongolia
87%
Tailandia
86%
Bulgaria
84%
Malasia
84%
Israel
81%
Líbano
78%
Malí
78%
Perú
78%
Ecuador
77%
Chad
75%
Nigeria
73%
Senegal
73%
Arabia Saudita
71%
Irak
69%
Emiratos Árabes Unidos
68%
Jordania
68%
Eritrea
57%
Yibuti
55%
Estonia
46%
Guatemala
46%
Honduras
46%
Letonia
46%
No se encontraron pruebas coincidentes
Distribución de puntuación
Porcentaje de gente con cada puntuación
Porcentaje por número respondido
Historial de tus puntuaciones
No has intentado esta prueba.